[Event "EU-chT (Men) 19th"]
[Site "Warsaw"]
[Date "2013.11.10"]
[Round "3.1"]
[White "Grischuk, Alexander"]
[Black "Adams, Michael"]
[Result "1/2-1/2"]
[WhiteElo "2785"]
[BlackElo "2752"]
[Annotator "Adams,M"]
[PlyCount "96"]
[EventDate "2013.11.08"]
[EventType "team-swiss"]
[EventRounds "9"]
[EventCountry "POL"]
[SourceTitle "CBM 158"]
[Source "ChessBase"]
[SourceDate "2014.01.16"]
[SourceVersion "1"]
[SourceVersionDate "2014.01.16"]
[SourceQuality "1"]
[WhiteTeam "Russia"]
[BlackTeam "England"]
[WhiteTeamCountry "RUS"]
[BlackTeamCountry "ENG"]

{This pairing seemed utterly senseless as both teams had been defeated the
previous day and were the highest seeded on this score group. It is sadly all
too typical of the systems used in European events that we received a double
colour so it could occur. It is a fairly well established pattern that when we
play against Russia 2 points is the maximum possible score, so I guess things
went quite well but at one stage things looked more hopeful.} 1. c4 {I
prepared for several different moves to begin the game, but this one eluded me
entirely.} e5 2. Nc3 Nf6 3. Nf3 Nc6 4. g3 Bb4 5. Nd5 Bc5 6. Bg2 d6 7. O-O O-O
8. e3 ({The immediate} 8. d3 {is slightly more common here.}) 8... a6 9. d3 Ba7
10. Nxf6+ {Although White gained a tempo with Nd5 in the opening, this
additional move has some drawbacks, in fact two White players chose to return
the knight to c3 here.} ({The reason is that} 10. Bd2 Nxd5 11. cxd5 Ne7 {
should be fine for Black.}) 10... Qxf6 11. Bd2 Qg6 12. Bc3 ({After} 12. Nh4
Qxd3 13. Rc1 h6 {is good enough.}) 12... Qh5 13. Nh4 ({If my bishop settles on
g4 things get rather awkward, and after} 13. Qb3 Bg4 14. Nd2 Rab8 15. Bxc6 bxc6
16. Qa4 {Black has a number of options} Bd7 {is the simplest solution.}) 13...
Bg4 14. Bf3 f5 ({Originally I was intending} 14... Bxf3 15. Qxf3 Qxf3 16. Nxf3
f6 {which must be equal but White has more pleasant play as one day he might
seriously sideline my bishop.}) 15. Bxg4 Qxg4 16. Qf3 ({If} 16. Qxg4 fxg4 {
White's knight on h4 finds it very hard to re-enter the game. I also have a
possible plan to play Nd8-g5.}) ({I was expecting instead} 16. Kg2 {which
looks more natural to me.}) 16... Rae8 ({I wasn't too sure what to do here and
made a vague move} 16... Rf7 {keeping the option to double on the f-line was
better.}) 17. Rad1 Rf7 18. b4 ({The computer prefers} 18. Qd5 {but this looks
pretty doubtful.}) 18... h5 ({I was tempted by the logical} 18... e4 {here and
this was a better option, after} 19. Qxg4 (19. dxe4 Rxe4 20. b5 Nd8) 19... fxg4
20. d4 Ne7 21. d5 {I abandoned the line but with} g5 22. Ng2 b5 {Black is
doing well. The game move is a bit ugly but forces open lines on the kingside
and things become very sharp.}) 19. Qg2 f4 20. h3 Qd7 21. gxf4 ({With some
justification, I was worried about the line} 21. b5 axb5 22. cxb5 Ne7 ({
The radical} 22... fxe3 23. bxc6 exf2+ 24. Kh2 Qxc6 25. Qxc6 bxc6 {is hard to
assess}) 23. gxf4 exf4 24. e4 {when White's king is safe and mine will soon
feel uncomfortable.}) 21... exf4 22. Kh2 ({Now} 22. b5 {makes no sense as my
knight has another square available:} axb5 23. cxb5 Ne5) 22... fxe3 23. fxe3
Ref8 ({The computer claims} 23... Bxe3 {is playable but during the game both}
24. Rxf7 ({and} 24. Nf5) 24... Qxf7 25. Rf1 Bf4+ 26. Kh1 {looked terrifying.})
24. d4 {The pawn advance blocks my bishop but also impedes my opponent's, and
if the pawn advances again both bishops get a new lease of life.} (24. Bxg7
Rxg7 25. Qd5+ Rff7 26. Nf5 {would be scary at the board but Black has at least}
Rg6 27. Nh4 Rgg7 28. Nf5 {with a repetition.}) ({The computer mentions the
sneaky} 24. Qd5 Ne7 25. Qg5 Nf5 26. Ng6 Nxe3 27. Nxf8 Nxf1+ 28. Rxf1 Rxf8 {
would lead to a draw. This was a wiser option as the impressive line of pawns
on the fourth rank prove to be built on a foundation of sand.}) 24... Ne7 25.
e4 ({White is wise to decline the pawn} 25. Rxf7 Rxf7 26. Qxb7 Qe6 27. Qxa7 ({
or} 27. Ng2 Qxc4) 27... Qxe3 {leaves White's pieces in chaos.}) 25... Qa4 ({
Not a bad move but the simple} 25... Qe6 26. d5 Qh6 {was good.}) 26. Rxf7 Rxf7
27. Rd3 ({The computer recommends} 27. Qe2 {I assumed} Rf2+ 28. Qxf2 Qxd1 {
would be promising but} 29. c5 {holds thing together.}) ({After} 27. Rg1 a5 {
it is very hard to find a move for White.}) 27... a5 {Now White's position
falls apart.} 28. Nf3 (28. a3 Qxa3 29. bxa5 Bxd4 {wins,}) ({and} 28. bxa5 Qxc4
{also looks grim.}) 28... axb4 29. Be1 Qc6 30. Ng5 Qxc4 31. Qe2 $2 ({After} 31.
Rb3 $1 {White keeps the material disadvantage to manageable proportions and is
still fighting.}) 31... Ng6 ({The attacking chances are also illusory after} 
31... Rf6 32. e5 dxe5 33. dxe5 Rf8 {as now} 34. Qxh5 {is impossible as} Qxd3 {
covers h7 but my more forcing knight move should have been even more efficient.
}) 32. Nxf7 Nf4 33. Nh6+ Kh7 34. Qf3 Qxd3 ({Finding a way not to win here was
not easy but I proved more than up to the task} 34... Nxd3 {looks risky but}
35. Qf5+ g6 36. Qd7+ Kxh6 37. Bd2+ g5 {leaves White with nothing e.g} 38. h4
Bxd4 39. Bxg5+ Kg6 40. Qf5+ Kg7 41. Qd7+ Qf7) 35. Qxf4 Qxd4 $2 ({I had
calculated this won some time ago and stuck with my original intention, but
missing the line} 35... Qe2+ 36. Bf2 (36. Qf2 Qxf2+ 37. Bxf2 Kxh6 {is
straightforward}) 36... Bxd4 {is pretty awful.}) (35... Bxd4 {as my opponent
indicated after the game is equally decisive, both ...Qe2+ and ...Be5 are
threatened.}) 36. Qg5 Qxe4 ({I thought} 36... gxh6 {enabled my king to escape
from the checks by the queen but only realised at this stage that bishop
checks were also possible when my king goes to a dark square.} 37. Qf5+ (37.
Qe7+ Qg7 {wins}) 37... Kg7 38. Qd7+ {and perpetual check is inevitable.}) 37.
Qf5+ Qxf5 38. Nxf5 Bc5 39. Kg3 g5 ({I could still keep some advantage with} 
39... d5 {now White regains a pawn and the game peters out.}) 40. Bd2 Kg6 41.
Ne7+ Kf6 42. Nd5+ Ke5 43. Nxc7 g4 44. hxg4 ({Given the flow of the game I was
happy to see this liquidation,} 44. h4 {was more enterprising but should also
lead to a draw; one possible line goes} Ke4 45. Ne8 Kd3 46. Bg5 Kc2 47. Nf6 Kb2
48. Nxh5 Kxa2 49. Nf4 b3 50. Nd3 b2 51. Nxb2 Kxb2) 44... hxg4 45. Kxg4 Ke4 46.
Kg5 Kd3 (46... d5 {was a better try but wouldn't change the result.}) 47. Be1
Kc2 48. Nd5 Kb2 1/2-1/2

[Event "Bad Homburg"]
[Site "Bad Homburg"]
[Date "1996.??.??"]
[Round "5"]
[White "Stangl, Markus"]
[Black "Alterman, Boris"]
[Result "0-1"]
[WhiteElo "2565"]
[BlackElo "2590"]
[Annotator "Alterman,B"]
[PlyCount "46"]
[EventDate "1996.07.20"]
[EventType "tourn"]
[EventRounds "9"]
[EventCountry "GER"]
[EventCategory "12"]
[SourceTitle "CBM 055"]
[Source "ChessBase"]
[SourceDate "1996.12.01"]
[SourceVersion "1"]
[SourceVersionDate "1996.12.01"]
[SourceQuality "1"]

1. c4 {Kortschnoj Petursson Ribli} e5 2. Nc3 Nf6 3. Nf3 Nc6 4. g3 d5 5. d4 $6
$146 {Ribli. Interessante Neuerung. Weiß spielt ähnlich wie in der Variante 1.
c4 c5 2.Nf3 Nf6 3.Nc3 Nc6 4.g3 d5 5.d4. Seinerzeit in 1988 führte Tal diesen
Zug in die Turnierpraxis gegen Timman ein. Aber jetzt, da Schwarz statt c5 e5
gespielt hat, scheint mir dieser Zug weniger logisch.} exd4 (5... dxc4 {Ribli}
6. d5 Nb4 7. e4 (7. Nxe5 $2 Bf5 $17) 7... Bg4 {Ribli.} (7... Bg4 {Kortschnoj}
8. Be2 Bd6 (8... Bxf3 9. Bxf3 Nd3+ 10. Kf1 Bc5 $2 11. Qa4+ Qd7 12. Qxc4 Nxc1
13. Qxc5 Nd3 14. Qc4 Nxb2 15. Qb3 Nd3 16. Qxb7 O-O 17. Rb1 $16) 9. O-O $13)) 6.
Nxd4 dxc4 $1 (6... Bb4 7. Nxc6 bxc6 8. Qa4 Rb8 9. Bg2 d4 10. Bxc6+ Bd7 11. a3
$16) 7. Nxc6 Qxd1+ 8. Nxd1 bxc6 9. Bg2 Nd5 {Ribli. Bis jetzt passiert alles
wie in der oben angeführten Variante.} 10. Ne3 (10. Bd2 $142 {Kortschnoj})
10... Bb4+ $1 {[#]} 11. Kf1 $6 (11. Bd2 Bxd2+ (11... Nxe3 {Ribli} 12. Bxc6+ Bd7
13. Bxa8 O-O (13... Nc2+ 14. Kd1 Nxa1 15. Bxb4 $16) 14. Bxb4 $18) (11... c3 $2
12. bxc3 Nxe3 13. fxe3 $18) (11... O-O 12. Bxb4 Nxb4 13. a3 (13. Rc1 Nxa2)
13... Nd5 14. Nxd5 (14. Nxc4 Ba6 15. Rc1 Rab8 16. b4) 14... cxd5 15. Bxd5 Rb8
16. O-O-O) (11... Rb8 12. Nxc4 Ba6 13. b3) 12. Kxd2 Ba6 (12... Nxe3 13. Bxc6+
$18) (12... O-O 13. Nxc4 Rd8 14. Kc2 Ba6 15. b3) 13. Rhc1 (13. Nxd5 cxd5 14.
Bxd5 O-O-O 15. e4 c6 $19) 13... O-O-O {Kortschnoj} 14. Ke1 Nxe3 15. fxe3 Rhe8
16. Rc3 Rd6 17. b3 $15) 11... O-O $1 (11... Ba6 $6 12. Nxd5 cxd5 13. Bxd5 O-O-O
$6 (13... Rd8 $1 14. Bc6+ Ke7 15. Kg2 $10) 14. Bxf7 Bb7 15. f3 $16) 12. a3 $2 (
12. Nxc4 $8 Re8 $1 (12... Ba6 {Kortschnoj} 13. b3 Rad8 $17) 13. a3 Ba6 14. b3
Bc3 15. Rb1 $140 Rab8 $32) 12... Nxe3+ 13. Bxe3 Ba5 $17 14. Bxc6 Rb8 15. Bd4
Rd8 16. e3 Bh3+ 17. Kg1 {[#]} (17. Ke2 Rd6 (17... Rxd4 {Kortschnoj} 18. exd4
Rxb2+ 19. Kf3 h5 $17) 18. Be4 c5 19. Be5 Rd2+ 20. Kf3 Re8 21. Bc3 Bxc3 22. bxc3
f5 23. Bc6 Bg4+ 24. Kg2 Rxe3 $19) (17. Bg2 Bf5 18. h4 Rxd4 19. exd4 Rxb2 $17)
17... Rxd4 $1 $19 18. exd4 Rxb2 {Petursson: Black has a winning position as it
will take too long to free the White rook on h1.} 19. Bg2 {Ribli.Leider ist es
zu spaet fuer diesen Zug.} Bf5 20. Bf3 c3 21. Kg2 c2 {This pawn is going to
cost White decisive material!  Ba5-d2 and Rb2-b1 are coming!} 22. Bc6 Bc3 23.
Rac1 Bd2 0-1

[Event "Dos Hermanas"]
[Site "Dos Hermanas"]
[Date "1994.??.??"]
[Round "1"]
[White "Topalov, Veselin"]
[Black "Epishin, Vladimir"]
[Result "1-0"]
[WhiteElo "2640"]
[BlackElo "2675"]
[Annotator "Ambroz,J"]
[PlyCount "119"]
[EventDate "1994.04.??"]
[EventType "tourn"]
[EventRounds "9"]
[EventCountry "ESP"]
[EventCategory "16"]
[SourceTitle "CBM 041"]
[Source "ChessBase"]
[SourceDate "1994.08.01"]
[SourceVersion "1"]
[SourceVersionDate "1994.08.01"]
[SourceQuality "1"]

1. c4 e5 2. Nc3 Nf6 3. Nf3 Nc6 4. g3 Bb4 5. Nd5 Bc5 6. d3 (6. Bg2 d6 7. O-O O-O
8. e3 Bb6 $5 9. d4 Re8 10. Nxb6 axb6 11. d5 Ne7 12. Nd2 b5 $1 {Lautier,
J-Epishin,V/Tarrasa/1991/}) 6... h6 (6... Nxd5 7. cxd5 Ne7 8. Nxe5 Bb4+ 9. Bd2
Bxd2+ 10. Qxd2 Nxd5 11. Bg2 Nf6 12. O-O d6 13. Nf3 O-O 14. Rac1 c6 15. a3 Re8
16. Rfe1 Nd7 17. b4 a5 18. Nd4 Qf6 19. e3 axb4 20. axb4 Nb6 21. b5 $5 {
Gavrikov,V-Stefansson,H/Moscow GMA-op (3) 1989}) 7. a3 (7. Bg2 d6 8. O-O O-O 9.
e3 a5 10. Nc3 (10. b3 Nxd5 11. cxd5 Ne7 12. d4 exd4 13. Nxd4 Qd7 14. Bb2 c6 15.
dxc6 bxc6 16. Qc2 Bb7 17. Rfd1 Rfd8 18. Rac1 Qe8 19. a3 Qf8 20. Qc3 Bb6 21. b4
axb4 22. axb4 Rab8 23. Nb3 Ba6 24. Ra1 Be2 25. Rd2 {Huebner,R-Karpov,An/Bad
Kissingen/1980/0.5 (35)}) 10... Ba7 11. a3 Nh7 12. Kh1 Bg4 13. Qc2 f5 14. Nb5
Qd7 15. Nxa7 Rxa7 16. b3 Raa8 17. Ng1 Rae8 18. Bd2 Nf6 19. f3 Bh5 20. b4 b6 21.
Bh3 Bf7 22. Ne2 axb4 23. axb4 Ne7 24. b5 Rd8 25. d4 {Kortschnoj,V-Petrosian,T 
(05)/Ciocco cm/}) 7... a5 8. Bg2 d6 9. O-O O-O 10. Nxf6+ $5 Qxf6 $140 11. Nd2 {
/\ Ne4} Qd8 12. e3 Ne7 13. Ne4 Ba7 14. Nc3 (14. b4 axb4 (14... d5 $5 15. cxd5
axb4 16. d6 (16. axb4 Nxd5) 16... cxd6 17. axb4 d5 $15) 15. axb4 d5 16. Nc3 (
16. cxd5 Nxd5) 16... Be6 (16... d4 $2 17. Nb5) 17. Nb5 $14) (14. b3 $5 {
/\ Bb2, /^ a1-h8}) 14... c6 15. d4 Be6 16. b3 (16. d5 cxd5 17. cxd5 Bd7 $10 18.
Ne4 $140 Bb5 {/\ f5} (18... f5 19. Nxd6 Qc7 20. Nc4 $5 $16 (20. Ne4) 20... Qxc4
21. d6)) 16... f5 17. a4 Qc7 18. Ba3 Rad8 19. f4 $5 Bf7 20. Kh1 exd4 21. exd4
Kh8 22. Ra2 $5 Ng8 $5 {/\ Nf6-e4} 23. Bh3 Bg6 24. Rd2 Nf6 25. Qc2 Rde8 26. d5 (
26. Bxf5 $5 Bxf5 27. Qxf5 Ne4 28. Qxe4 Rxe4 29. Nxe4 $44 {>< Ba7}) 26... Ne4
27. Nxe4 fxe4 28. Rdd1 Rf6 $5 (28... c5 $2 $18 {>< Ba7}) 29. Bb2 e3 30. Qe2
Be4+ 31. Bg2 Rf7 (31... Bxg2+ 32. Kxg2 Rf5) 32. Bxe4 Rxe4 33. f5 Qe7 34. Rf3
Bc5 35. Bc3 (35. Rdf1 $5) 35... Kg8 36. Rdf1 (36. Bxa5 Qe5 $13) 36... cxd5 37.
f6 $1 gxf6 38. cxd5 Re5 (38... b6 39. Bxf6 $40 {/\ Rf5, Qh5} (39. Rxf6 Rxf6 40.
Rxf6 Bd4 $1 41. Bxd4 Rxd4 42. Re6 Qf7 43. Rxe3 Qxd5+ 44. Qf3 $10)) 39. Bxe5
Qxe5 40. Rf5 Qe4+ 41. Kg1 Kg7 42. h4 Bb6 43. Kh2 Rc7 (43... Qb4 44. R5f4 Qxb3
45. Qg4+ $16) 44. Rxf6 Bd4 (44... Rc2 45. Rf7+ Kh8 46. Rf8+ Kg7 47. R1f7+ Kg6
48. h5+ Kg5 49. Rg7+) 45. R6f4 Qc2 46. Rg4+ Kh7 47. Rf7+ $1 Kh8 48. Rf2 Qxe2
49. Rxe2 Bc5 50. Re4 b5 51. Kh3 bxa4 52. bxa4 Kh7 53. Rb2 Kg6 54. Re6+ Kg7 55.
Rb5 Bd4 56. Re4 Rc4 57. Rxa5 Kf6 58. Ra8 Kf5 59. Rae8 Rxa4 60. R8e6 {/\ 60...
h5 61.Rf4#, 60...Be5 61.g4#} 1-0

[Event "Las Palmas"]
[Site "Las Palmas"]
[Date "1993.??.??"]
[Round "2"]
[White "Topalov, Veselin"]
[Black "Adams, Michael"]
[Result "1-0"]
[WhiteElo "2635"]
[BlackElo "2630"]
[Annotator "Anand,V"]
[PlyCount "75"]
[EventDate "1993.06.??"]
[EventType "tourn"]
[EventRounds "9"]
[EventCountry "ESP"]
[EventCategory "16"]
[SourceTitle "CBM 036"]
[Source "ChessBase"]
[SourceDate "1993.10.01"]
[SourceVersion "1"]
[SourceVersionDate "1993.10.01"]
[SourceQuality "1"]

1. c4 {Ribli Kortschnoj Topalov has a broad repertoire with both colours. In
Madrid he predominantly played 1.e4 but right after in Las Palmas kept trying
1.c4} Nf6 2. Nc3 e5 3. Nf3 Nc6 4. g3 Bb4 5. Nd5 e4 6. Nh4 d6 7. Bg2 $1 {
A real improvement (if you can call a move like Bg2 earth-shattering!).Topalov
shows that g5 is not a threat} (7. Nxb4 Nxb4 8. a3 $1 (8. d3 exd3 9. exd3 O-O
10. Be2 Bh3 {Korchnoi-Adams Wijk aan Zee 1993. White was blown off the board
in 26 moves after some inaccurate play but anyway has no advantage at this
point}) 8... Nc6 9. d3 exd3 10. Qxd3 {is Gurevich-Adams Munich 1993. White won
a long ending but Michael was doing quite well out of the opening (full
compensation for the exchange).}) (7. a3 {Kortschnoj} Ba5 $1 $13) 7... g5 {
Show me!} 8. Qa4 $1 Bd7 (8... gxh4 9. Nxb4 Bd7 10. Nxc6 Bxc6 11. Qb3 $14 {
/\ Qc3,b3,Bb2}) (8... Bc5 $5 9. d4 $1 (9. Nxf6+ Qxf6 10. Bxe4 Qxf2+ 11. Kd1 Bd7
$19) 9... Bxd4 10. Bxg5 Bxb2 11. Rb1 h6 $1 12. Bxf6 Bxf6 13. Nxf6+ Qxf6 14.
Bxe4 $14) (8... Ba5 {Ribli} 9. Nxf6+ Qxf6 10. Bxe4 gxh4 11. Bxc6+ $16) 9. Nxb4
Nd4 (9... gxh4 $5 {Ribli}) 10. Qd1 gxh4 11. Nc2 $1 {The knight on d4 has to be
eliminated.} h3 $2 (11... c5 12. Nxd4 cxd4 13. d3 $1 $14) (11... Nxc2+ $1 12.
Qxc2 Qe7 (12... Bc6 {Kortschnoj} 13. O-O (13. b4 {Ribli} a6 14. Bb2 $16) 13...
Qe7 $14) 13. d3 {and white is a little better but not more}) 12. Bxe4 $1 Nxe4
13. Nxd4 Qf6 14. Nf3 $16 Bc6 15. O-O h6 16. d4 $1 (16. d3 Ng5 (16... Nc5 17. d4
$16) 17. Nxg5 hxg5 18. e4 $16) 16... d5 (16... O-O-O 17. d5 Bd7 18. Be3 {
/\ Ba7,Bd4}) 17. c5 O-O-O 18. Ne5 {this looks like a Petroff with White having
a pawn on e2 !!} Rhg8 19. a4 h5 20. Ra3 $1 {Overprotecting g3} Qe6 (20... h4 {
Ribli} 21. b4 $36) 21. b4 f6 22. Nd3 $1 $18 (22. Nxc6 $5 $16 {Kortschnoj})
22... h4 23. Nf4 Qf5 24. b5 Be8 25. Qd3 Rd7 $6 26. Qb3 Rg5 27. c6 $1 Rdg7 28.
cxb7+ Kxb7 29. Qf3 Qd7 (29... hxg3 {Ribli} 30. fxg3 Nxg3 31. hxg3 Rxg3+ 32.
Qxg3 Rxg3+ 33. Rxg3 $18) 30. Nd3 Bh5 (30... hxg3 31. hxg3 (31. Bxg5 $18) (31.
Bxg5 $18 {Ribli}) 31... Rxg3+ 32. fxg3 Rxg3+ 33. Qxg3 Nxg3 34. Nc5+ $18) 31.
Nc5+ Nxc5 32. dxc5 Kb8 (32... Bxf3 {Kortschnoj} 33. c6+ $18) (32... Qe7 $5 $14
{Kortschnoj}) 33. Qxf6 Rf5 34. Qd4 Bxe2 35. Re1 hxg3 36. Rxg3 Rxg3+ 37. fxg3
Qe8 38. Rxe2 (38. Rxe2 Qxe2 39. Qh8+ Kb7 40. c6+ Kb6 41. Qd4+ $1 (41. Qb8+ $4
Kc5 42. Qxa7+ Kc4) 41... Ka5 42. Bd2+ Qxd2 43. Qxd2+ Kxa4 44. Qc2+) 1-0